000 00416pab a2200145 454500
008 180718b2004 xxu||||| |||| 00| 0 eng d
100 _aRainaye, Riyaz
245 _aTraining effectiveness in public sector and private sector commercial banks: a micro-level comparative study
260 _c2004
300 _ap.49-68.
650 _aTraining
650 _aBanks
773 _aManagement and Change
909 _a65103
999 _c65103
_d65103